Los Angeles Angels 2024 Opening Day Lineup - Statistics

General Stats
  • This quiz has been taken 38 times
  • The average score is 6 of 10
Answer Stats
Position Player % Correct
CF Mike Trout
100%
3B Anthony Rendon
83%
SS Zach Neto
83%
C Logan O'Hoppe
79%
1B Nolan Schanuel
67%
LF Taylor Ward
67%
SP Patrick Sandoval
46%
2B Brandon Drury
29%
RF Aaron Hicks
21%
DH Miguel Sano
13%
No matching quizzes found
Score Distribution
Percent of People with Each Score
Percentile by Number Answered
Your Score History
You have not taken this quiz